00403cam a22001097a 4500008004000000082002300040100006800063245007200131260005000203300001200253500002800265180718b1933 xxu||||| |||| 00| 0 eng d aC0x54073 Un3j/33ev aUnited Kingdom. Joint Committee on Indian Constitutional Reform aEvidence before the Joint Committee on Indian Constitutional Reform aLondonbHer Majesty's Stationery Officec1933 a2 Parts aLibrary has Pt.2. 344+p